[Event "Bugojno"]
[Site "Bugojno"]
[Date "1982.05.21"]
[Round "11"]
[White "Timman, Jan H"]
[Black "Kasparov, Garry"]
[Result "1/2-1/2"]
[WhiteElo "2655"]
[BlackElo "2640"]
[Annotator "ChessBase"]
[PlyCount "56"]
[EventDate "1982.05.07"]
[EventType "tourn"]
[EventRounds "13"]
[EventCountry "YUG"]
[EventCategory "14"]
[SourceTitle "Kasparov"]
[Source "ChessBase"]
[SourceDate "1999.07.01"]
[SourceVersion "1"]
[SourceVersionDate "2005.01.01"]
[SourceQuality "1"]

1. d4 Nf6 2. c4 g6 3. Nc3 Bg7 4. e4 d6 5. f3 O-O 6. Be3 Nc6 7. Nge2 a6 8. Qd2
Rb8 9. h4 b5 $6 10. h5 e5 11. d5 Na5 12. Ng3 bxc4 $2 13. O-O-O Nd7 14. hxg6
fxg6 15. Nb1 $14 Rb5 $2 (15... Nb7 16. Bxc4 Nbc5 $14) 16. b4 $1 (16. Na3 Nc5 $1
17. Bxc4 (17. Kb1 $2 c3 $1 18. Qxc3 Na4) 17... Rb3 $5 18. Bxc5 Rxa3 19. Bxa3
Nxc4 20. Qe1 (20. Qc3 $2 Nxa3 21. Qxa3 Qg5+) 20... Nxa3 21. bxa3 $13) 16...
cxb3 (16... Nb7 17. Bxc4) 17. Bxb5 c5 {+/-/+-} 18. dxc6 $6 (18. Be2 {>=}) 18...
axb5 19. Qd5+ $2 (19. cxd7 Nc4 $1 20. dxc8=Q Qxc8 21. axb3 $1 (21. Qd5+ Rf7)
21... Nxd2+ 22. Kxd2 $18) 19... Rf7 (19... Kh8 $2 20. Rxh7+ $1) 20. axb3 Nf8 $1
{/\ Be6} 21. Qxd6 (21. Qxb5 Nxc6 $1) 21... Qe8 22. Qd8 (22. Kb2 {>=} Nxc6 23.
Ne2 $16) 22... Qxc6+ 23. Kb2 Qa8 $1 (23... Nxb3 $2 24. Qd5 $1) (23... Qa6 $2
24. Rd6 Nc6 25. Rxc6 $1 Qxc6 26. Rc1) 24. Rc1 Nc4+ $1 (24... Nc6 25. Rxc6) 25.
bxc4 Rd7 $1 26. Qe8 (26. Qb6 Rb7) (26. Qh4) 26... bxc4 27. Nc3 Qc6 $3 {/\ 28...
Rd2, 28.....Rb7} (27... Qb7+ 28. Ka1 Qa6+ 29. Na2 Rd3 30. Rxh7 $18 Kxh7 (30...
Rxe3 31. Rxg7+ Kxg7 32. Qe7+ Kg8 33. Nh5 $1 gxh5 34. Qg5+ {/\ 35.Qe3 +-}) 31.
Qf7) 28. Kc2 Rd2+ (28... Rd2+ 29. Kxd2 Qxe8 30. Nd5) (28... Rd2+ 29. Kxd2 Qxe8
30. Nd5 Be6 31. Rxc4 Bxd5 32. exd5 Qb5 33. Rc5 Qb2+ 34. Rc2 Qb4+ 35. Ke2 Qb5+
36. Kf2 Qxd5 $10) 1/2-1/2

[Event "URS-ch57"]
[Site "Leningrad"]
[Date "1990.??.??"]
[Round "?"]
[White "Beliavsky, Alexander G"]
[Black "Smirin, Ilia"]
[Result "1-0"]
[WhiteElo "2605"]
[BlackElo "2555"]
[Annotator "ChessBase"]
[PlyCount "125"]
[EventDate "1990.10.??"]
[EventType "tourn"]
[EventRounds "13"]
[EventCountry "URS"]
[EventCategory "14"]
[SourceTitle "URS-ch"]
[Source "ChessBase"]
[SourceDate "1999.07.01"]
[SourceVersion "1"]
[SourceVersionDate "1999.07.01"]
[SourceQuality "1"]

1. d4 Nf6 2. c4 g6 3. Nc3 Bg7 4. e4 d6 5. f3 O-O 6. Be3 Nc6 7. Qd2 a6 8. Nge2
Rb8 9. Nc1 Ne8 10. Nb3 $6 {10.d5} f5 11. Be2 {11.exf5} Nf6 12. O-O {12.0-0-0}
e5 13. d5 f4 $1 14. Bf2 Ne7 15. c5 {15.g4} g5 16. Na4 g4 17. cxd6 cxd6 18. Qa5
{18.Nb6,g3!-/+} Qe8 19. Qc7 gxf3 20. Bxf3 Bg4 (20... Qxa4 21. Qxe7 Nxe4 22.
Bxe4 Qxe4 23. Qxd6 Bf5 24. Nc5 Qe2 25. Ne6 $13 {Beliavsky}) 21. Qxd6 {21.Nb6}
Bxf3 22. gxf3 Nxe4 $1 23. Qe6+ Kh8 24. fxe4 Rf6 25. Qh3 Qg6+ 26. Qg2 Qh5 27.
Bg3 fxg3 $2 (27... Rg8 $1) 28. hxg3 Rg6 29. Rf3 Rg8 30. Nc3 Bh6 31. Kf2 Nc8 32.
Rh1 Qg5 33. Qh3 Nd6 34. Qh4 $16 Rc8 35. Qxg5 Bxg5 36. Ke2 b5 37. Kd3 Nc4 38.
Rh2 Kg8 39. Nd1 Rg7 40. Rc2 Rgc7 41. Nf2 a5 42. Rf5 h6 43. Nh3 Be7 44. Nd2 Nxd2
45. Rxc7 Rxc7 46. Kxd2 Bb4+ 47. Kd3 Rg7 48. Rf3 Be1 49. Nf2 Bxf2 50. Rxf2 Rxg3+
51. Ke2 a4 52. Rf5 Rg2+ 53. Ke3 Rxb2 54. Rxe5 Rxa2 55. d6 Ra3+ 56. Kd4 Ra1 57.
Rxb5 a3 58. Ke5 a2 59. Ra5 Kf7 60. Ra7+ Kf8 61. Ke6 Re1 62. d7 Rxe4+ 63. Kd5
1-0

[Event "URS-ch57"]
[Site "Leningrad"]
[Date "1990.??.??"]
[Round "?"]
[White "Novikov, Igor A"]
[Black "Smirin, Ilia"]
[Result "1-0"]
[WhiteElo "2575"]
[BlackElo "2555"]
[Annotator "Knaak,R"]
[PlyCount "69"]
[EventDate "1990.10.??"]
[EventType "tourn"]
[EventRounds "13"]
[EventCountry "URS"]
[EventCategory "14"]
[SourceTitle "URS-ch"]
[Source "ChessBase"]
[SourceDate "1999.07.01"]
[SourceVersion "1"]
[SourceVersionDate "1999.07.01"]
[SourceQuality "1"]

1. d4 Nf6 2. c4 g6 3. Nc3 Bg7 4. e4 d6 5. f3 O-O 6. Be3 Nc6 7. Nge2 a6 8. Qd2
Rb8 9. h4 h5 10. Nc1 Ne8 {N; f5 zu spielen, wenn schon h5 steht, ist fast
immer zweifelhaft} (10... e5 11. d5 Nd4 12. Nb3 Nxb3 13. axb3 c5 14. Be2 $14)
11. Nb3 f5 12. O-O-O Nf6 13. exf5 $1 (13. e5 $5 dxe5 14. d5 Nd4 15. Nxd4 exd4
16. Bxd4 e6 $13 {Novikov}) 13... Bxf5 (13... gxf5 14. d5 Ne5 15. Nd4) 14. Be2 (
14. Bh6 $5) 14... b5 15. Bh6 bxc4 16. Bxc4+ d5 17. Bd3 Rxb3 {Mehr der Not
gehorchend.} 18. Bxg7 Kxg7 19. axb3 Nxd4 20. Qe3 Nxb3+ 21. Kc2 Bxd3+ 22. Rxd3
c5 23. Re1 {Materiell steht Schwarz nicht schlecht da, aber die Schwächen der
Bauernstruktur sind zu groß.} Rf7 24. Qe5 Nd4+ 25. Kb1 Nc6 26. Qe6 Nb4 27. Rdd1
Qa5 (27... Qd6 $142) 28. Re5 c4 29. Rg5 Nd3 30. Nxd5 Qa4 31. Rd2 Nxb2 32. Kxb2
Qb3+ 33. Kc1 c3 34. Rc2 Qc4 35. Rxc3 1-0

[Event "URS-chT Republics 19th Group1"]
[Site "Azov"]
[Date "1991.??.??"]
[Round "5"]
[White "Beliavsky, Alexander G"]
[Black "Loginov, Valery A"]
[Result "1/2-1/2"]
[WhiteElo "2655"]
[BlackElo "2540"]
[Annotator "Knaak,R"]
[PlyCount "96"]
[EventDate "1991.??.??"]
[EventType "team-tourn"]
[EventRounds "5"]
[EventCountry "URS"]
[SourceTitle "EXT 2020"]
[Source "ChessBase"]
[SourceDate "2019.10.17"]
[SourceVersion "1"]
[SourceVersionDate "2019.10.17"]
[SourceQuality "1"]
[WhiteTeam "Ukraine"]
[BlackTeam "Uzbekistan"]
[WhiteTeamCountry "UKR"]
[BlackTeamCountry "UZB"]

1. d4 Nf6 2. c4 g6 3. Nc3 Bg7 4. e4 d6 5. f3 O-O 6. Be3 a6 7. Nge2 Nc6 8. Qd2
Rb8 9. Nc1 e5 10. Nb3 exd4 11. Nxd4 Ne5 12. Rd1 c6 13. Be2 b5 14. cxb5 axb5 15.
b4 c5 16. Nc2 cxb4 17. Nxb4 Be6 18. O-O Qa5 19. Qxd6 Nc4 20. Bxc4 bxc4 21. Nc6
Qxc3 22. Bd4 Nxe4 23. Bxc3 Nxd6 24. Bxg7 Kxg7 25. Nxb8 Nf5 26. Nd7 Ra8 {N} (
26... Rc8 27. Nb6 Rc6 28. Rb1 c3 29. Rb4 Bxa2 30. Rc1 c2 31. Kf2 h5 $1 $10 {
Beliavski-Kasparov/Linares/1990/i49/716}) 27. Nc5 Rxa2 28. Rf2 Ra7 29. Nxe6+
fxe6 30. Re2 Kf6 31. Re4 Ra6 32. Rde1 (32. Rxc4 Ne3 33. Rf4+ Kg5 34. Rdd4 e5
35. Rg4+ $8 Nxg4 36. Rxg4+ $10) 32... Rc6 33. Kf2 c3 34. Rc1 Ne7 35. h4 Nd5 36.
g4 h6 37. f4 c2 38. Ke1 h5 39. gxh5 gxh5 40. Kd2 Kf5 41. Re5+ Kxf4 42. Rxh5 Ne3
43. Rh8 Rd6+ 44. Ke2 Rd1 45. Rxc2 Nxc2 46. Kxd1 Ne3+ 47. Kd2 Nf5 48. Kd3 Kg4
1/2-1/2

[Event "World Cup"]
[Site "Reykjavik"]
[Date "1991.??.??"]
[Round "3"]
[White "Beliavsky, Alexander G"]
[Black "Hjartarson, Johann"]
[Result "1/2-1/2"]
[WhiteElo "2655"]
[BlackElo "2550"]
[Annotator "Hjartarson,J"]
[PlyCount "108"]
[EventDate "1991.09.??"]
[EventType "tourn"]
[EventRounds "15"]
[EventCountry "ISL"]
[EventCategory "16"]
[SourceTitle "CBM 026"]
[Source "ChessBase"]
[SourceDate "1992.02.01"]
[SourceVersion "1"]
[SourceVersionDate "1992.02.01"]
[SourceQuality "1"]

1. d4 Nf6 2. c4 g6 3. Nc3 Bg7 4. e4 d6 5. f3 O-O 6. Be3 Nc6 7. Nge2 a6 8. Qd2
Rb8 9. Nc1 e5 10. Nb3 exd4 11. Nxd4 Ne5 12. Be2 (12. Rd1 c6 13. Be2 b5 14. cxb5
axb5 15. b4 c5 16. Nc2 cxb4 17. Nxb4 Be6 18. O-O Qa5 19. Qxd6 Nc4 20. Bxc4 bxc4
$44 {Beljavskij-Kasparov, Linares 1990}) 12... c5 13. Nc2 Be6 14. Na3 {TN} (14.
b3 Qa5 15. O-O b5 16. cxb5 axb5 17. Rfd1 Rfe8 18. Bf2 $6 Nfd7 $15 {
Beljavskij-Gufeld, SSSR 1979}) 14... Nc6 15. O-O Nd7 16. f4 Nd4 17. Bd3 b5 $1 (
17... f5 18. exf5 gxf5 19. Rae1 $14) 18. cxb5 (18. f5 $2 b4 $17) 18... axb5 19.
Bxb5 Nf6 $44 20. f5 (20. Bd3 Ng4 $44) 20... Nxb5 (20... gxf5 21. Bg5 $5 $13 (
21. exf5 Nxf5 22. Bg5 h6 23. Bd3 hxg5 24. Bxf5 Ng4 $1 $15)) 21. Naxb5 Bc4 22.
Nxd6 Bxf1 23. Rxf1 Ng4 $1 24. Bxc5 Qc7 (24... Qh4 $6 25. h3 Be5 26. Rf3 $1 $14)
(24... Qa5 25. Ba3 (25. b4 $2 Rxb4 26. Bxb4 Qxb4 27. Nb1 Qc5+ 28. Kh1 Be5 $19)
25... Qa7+ 26. Kh1 {-24...Qc7}) 25. Ba3 (25. b4 Rxb4 26. Bxb4 Qb6+ 27. Kh1 Qxb4
28. Nb1 Qc5 $44) 25... Qa7+ 26. Kh1 Bxc3 27. Qxc3 Nf2+ 28. Rxf2 Qxf2 29. h3
Rfd8 $2 (29... Rbd8 $5 30. Qe5 $1 (30. Qc7 $2 Qf1+ 31. Kh2 Qf4+ 32. Kg1 Rc8 $1
$19) (30. Qf6 $2 Qf1+ 31. Kh2 Qf4+ 32. Kg1 Rd7 $17) 30... Rd7 31. Bc5 $13) (
29... Ra8 $1 30. Qe5 g5 $5 $15 {/\ 31...Qf1 32.Kh2 Qf4}) 30. Qc7 Qf1+ 31. Kh2
Qf4+ 32. Kg1 Rf8 33. Qc3 Ra8 34. g3 Qg5 $6 (34... Rxa3 35. gxf4 Rxc3 36. bxc3
Ra8 37. Kf2 gxf5 38. Nxf5 Rxa2+ $10) 35. Kf2 Rfd8 36. h4 (36. Qh8+ $1 Kxh8 37.
Nxf7+ Kg8 38. Nxg5 gxf5 39. exf5 Rxa3 40. bxa3 Ra8 $10) 36... Qg4 (36... Qe7 $6
37. e5 $40) 37. Qf6 Rxd6 38. Bxd6 Qxe4 $10 39. Be5 Qxf5+ $10 (39... Qc2+ 40.
Ke3 Qc1+ $10) 40. Qxf5 gxf5 41. a3 f6 42. Bxf6 Kf7 43. Bc3 Ke6 44. Ke3 Rg8 45.
Kf3 Kd5 46. a4 Kc4 47. Kf4 Rg4+ 48. Kxf5 Rxg3 49. h5 h6 50. Bd2 Rg2 51. Bxh6
Rxb2 52. Bf4 Rb1 53. Bd6 Kd5 54. Be7 Rh1 1/2-1/2

[Event "Baden-Baden"]
[Site "Baden-Baden"]
[Date "1992.12.07"]
[Round "3"]
[White "Karpov, Anatoly"]
[Black "Kindermann, Stefan"]
[Result "1-0"]
[WhiteElo "2715"]
[BlackElo "2505"]
[Annotator "Knaak,R"]
[PlyCount "67"]
[EventDate "1992.12.??"]
[EventType "tourn"]
[EventRounds "11"]
[EventCountry "GER"]
[EventCategory "14"]
[SourceTitle "CBM 033"]
[Source "ChessBase"]
[SourceDate "1993.04.01"]
[SourceVersion "1"]
[SourceVersionDate "1993.04.01"]
[SourceQuality "1"]

1. d4 Nf6 2. c4 g6 3. Nc3 Bg7 4. e4 d6 5. f3 O-O 6. Be3 Nc6 7. Nge2 a6 8. Qd2
Rb8 9. h4 h5 10. Nc1 e5 11. d5 Nd4 12. N1e2 (12. Bxd4 $2 exd4 13. Qxd4 $2 Nxe4
$1 $17) 12... c5 $5 (12... Nxe2 13. Bxe2 $14) 13. dxc6 bxc6 14. Nxd4 exd4 15.
Bxd4 Re8 $1 $146 16. Be2 d5 $1 17. cxd5 (17. exd5 cxd5 18. c5 Rb4 $1 $17) 17...
cxd5 18. e5 $1 Nd7 19. f4 Bh6 $1 (19... f6 20. e6 Rxe6 (20... Nf8 21. f5 $1)
21. O-O $14) 20. Qe3 $1 (20. Be3 $2 Nxe5 $1 21. fxe5 (21. Nxd5 Ng4 $17) 21...
Bxe3 22. Qxe3 d4 $17) 20... Rxb2 (20... Nxe5 $2 21. Bxe5 f6 22. Qg3 $1 (22.
Bxf6 Rxe3 23. Bxd8 $16) 22... fxe5 23. Qxg6+ $16) 21. Rd1 $1 $14 (21. O-O $6
Nxe5 $1 22. Bxe5 Rxe5 $1 23. Qxe5 Bg7 24. Qxd5 Qb6+ 25. Kh1 Bxc3 $44) 21... Nf6
$1 (21... Nxe5 $6 22. Bxe5 Rxe5 23. Qxe5 Bg7 24. Qe3 $1 (24. Rxd5 $2 Qb6 $1 25.
Qe8+ Kh7 26. Qxc8 Qe3 $19 27. Qc4 Bxc3+ 28. Kf1 Rb1+ 29. Rd1 Rxd1+ 30. Bxd1
Qe1#) 24... d4 25. Qc1 $18) 22. O-O $1 (22. Qc1 Rxe2+ 23. Nxe2 Ne4 $44 (23...
Bg4 $36)) (22. Bf3 $2 Ng4 23. Qc1 Nxe5 $1) 22... Ng4 23. Qg3 (23. Bxg4 $6 Bxg4
24. Rb1 Rxb1 25. Rxb1 Qd7 26. Rb6 Bf8 27. Rxa6 Rc8 $44) 23... Be6 24. Bxa6 $5 {
>< b5} (24. Bd3 $5) 24... Qa5 25. Bd3 Bf8 $2 (25... Rc8 $1 26. f5 (26. Rc1 Qb4
$13) 26... gxf5 27. Bxf5 (27. Ne2 Rxa2 28. Nf4 Qa4 $1 29. Bxf5 $2 Bxf5 30. Nxd5
Rc1 $3 $19) 27... Rxc3 $1 (27... Be3+ $2 28. Bxe3 Rxc3 29. Bxe6 $1 (29. Bxg4
hxg4 $13) 29... Rxe3 30. Qf4 $18) 28. Bxc3 (28. Qxc3 Be3+ 29. Kh1 Nf2+ 30. Rxf2
Qxc3 31. Bxc3 Rxf2 $13) 28... Be3+ 29. Qxe3 Rxg2+ 30. Kh1 Rh2+ 31. Kg1 Rg2+ $10
) 26. f5 $1 $18 Bc5 27. Bb5 $1 Rxb5 (27... Bxd4+ 28. Rxd4 Qb6 (28... Rc8 29.
fxe6 Rxc3 30. exf7+ Kf8 31. e6 $1 $18) 29. Qf4 $1 Bxf5 30. Bxe8 $18) 28. Nxb5
Qxb5 29. fxe6 Rxe6 30. Qf3 Bxd4+ 31. Rxd4 Nxe5 32. Qxd5 Qb2 33. Qa8+ Kg7 34.
Rd8 1-0

[Event "Nikolaev zt"]
[Site "Nikolaev"]
[Date "1993.??.??"]
[Round "?"]
[White "Rogozenco, Dorian"]
[Black "Fedorov, Alexei"]
[Result "1/2-1/2"]
[WhiteElo "2480"]
[BlackElo "2490"]
[Annotator "Knaak,R"]
[PlyCount "67"]
[EventDate "1993.03.??"]
[EventType "swiss"]
[EventRounds "11"]
[EventCountry "RUS"]
[SourceTitle "CBM 035"]
[Source "ChessBase"]
[SourceDate "1993.08.01"]
[SourceVersion "1"]
[SourceVersionDate "1993.08.01"]
[SourceQuality "1"]

1. d4 Nf6 2. c4 g6 3. Nc3 Bg7 4. e4 O-O 5. Be3 d6 6. f3 Nc6 7. Nge2 a6 8. Qd2
Rb8 9. h4 h5 10. Nc1 e5 11. d5 Ne7 $5 12. Nb3 c6 $146 (12... Bd7 $6 13. Be2 b5
14. c5 b4 15. Nd1 Ne8 16. Nf2 Bb5 17. Bxb5 Rxb5 18. c6 $16 {Bischoff,K-Trisic,
A/Dortmund op-A/1992/}) 13. O-O-O (13. Be2 $1 cxd5 14. cxd5 Ne8 15. g4 $14)
13... cxd5 14. Nxd5 $6 (14. cxd5 $14) 14... Nexd5 15. cxd5 Ne8 16. Bd3 f5 17.
Kb1 Nf6 18. Qb4 fxe4 19. fxe4 Ng4 20. Bb6 Qe7 21. Rhf1 Rxf1 22. Rxf1 Bh6 23.
Na5 Bd7 24. Ba7 Rf8 25. Rxf8+ (25. Nxb7 $6 Rxf1+ 26. Bxf1 Bb5 $1 27. Bxb5 Qxb7
$17) 25... Bxf8 26. Qxb7 Qxh4 27. Qxd7 Qe1+ 28. Kc2 Qxa5 29. Qc6 Qe1 30. Qb6 (
30. Qxa6 Nf2 31. Qc4 Qd1+ 32. Kc3 Nxd3 33. Qxd3 Qa4 $10) 30... Qg3 31. Bf1 Qe1
32. Bd3 Qg3 33. Bf1 Qe1 34. Bd3 1/2-1/2

[Event "UKR-chT"]
[Site "Alushta"]
[Date "1995.??.??"]
[Round "?"]
[White "Savchenko, Stanislav"]
[Black "Golubev, Mikhail"]
[Result "1-0"]
[WhiteElo "2585"]
[BlackElo "2570"]
[Annotator "Golubev,M"]
[PlyCount "87"]
[EventDate "1995.??.??"]
[EventType "team"]
[EventRounds "7"]
[EventCountry "UKR"]
[SourceTitle "CBM 046"]
[Source "ChessBase"]
[SourceDate "1995.06.01"]
[SourceVersion "1"]
[SourceVersionDate "1995.06.01"]
[SourceQuality "1"]

1. d4 Nf6 2. c4 g6 3. Nc3 Bg7 4. e4 d6 5. f3 O-O 6. Be3 Nc6 7. Nge2 a6 8. Qd2
Rb8 9. Rb1 $5 b5 10. cxb5 axb5 11. b4 Bd7 (11... e5) 12. d5 Ne5 13. Nd4 Qe8 (
13... Re8 $5) 14. Be2 e6 (14... c6 15. dxc6 $36 Bxc6 $8) 15. O-O Nc4 {N/} (
15... c6) 16. Bxc4 bxc4 17. Rfe1 (17. b5 exd5 {/\Qe5/}) 17... e5 (17... exd5 $6
18. exd5 Qe5 19. Bg5 $18) 18. Nc2 (18. Nde2 Nh5 19. g4 Nf4 (19... Nf6 $32 {
Savchenko/}) 20. Nxf4 exf4 21. Bxf4 (21. Bd4 $1) 21... Qe7 $13) 18... Nh5 19.
Na3 (19. Qe2 f5 $132) 19... f5 20. exf5 (20. Nxc4 f4 21. Bf2 g5) 20... Bxf5 21.
Ne4 Ra8 $2 (21... Nf4 $32 22. Bxf4 (22. Nxc4 Qb5 $14 23. Bxf4 (23. Na3 Qxd5 $1
24. Bxf4 Qa8) 23... exf4 $132) 22... exf4 23. Nxd6 cxd6 $13) 22. Nxc4 Qb5 23.
Na5 $16 Nf4 (23... Bxe4 24. fxe4 Nf6 25. Qc2) 24. Rbd1 Bxe4 25. fxe4 Bh6 26.
Kh1 Rf7 27. g3 Nh3 28. Bxh6 Nf2+ 29. Kg2 Qd7 30. Rf1 $1 $18 Qh3+ 31. Kg1 Nxd1
32. Rxd1 Qg4 33. Re1 Kh8 34. Qe2 Qh3 35. Be3 Raf8 36. Nc4 Qd7 37. Kg2 Qb5 38.
a3 Qa4 39. Qb2 Kg8 40. Rc1 Rf6 41. Bh6 R8f7 42. b5 Rf3 43. b6 Rb3 44. Qc2 1-0

[Event "Petrov Memorial op"]
[Site "St Petersburg"]
[Date "1996.??.??"]
[Round "2"]
[White "Nepomnishay, Mikhail I"]
[Black "Fedorov, Alexei"]
[Result "0-1"]
[WhiteElo "2470"]
[BlackElo "2540"]
[Annotator "Hecht,H"]
[PlyCount "106"]
[EventDate "1996.02.??"]
[EventType "swiss"]
[EventRounds "9"]
[EventCountry "RUS"]
[SourceTitle "CBM 052"]
[Source "ChessBase"]
[SourceDate "1996.06.01"]
[SourceVersion "1"]
[SourceVersionDate "1996.06.01"]
[SourceQuality "1"]

1. d4 Nf6 2. c4 g6 3. Nc3 Bg7 4. e4 d6 5. f3 O-O 6. Be3 Nc6 7. Nge2 a6 8. Qd2
Rb8 9. Nc1 e5 10. d5 Nd4 11. N1e2 Nxe2 12. Bxe2 Nh5 13. O-O-O f5 14. Kb1 Qe7
15. Rc1 Nf4 16. Bf1 c5 17. g3 Nh5 18. Bg5 Qf7 19. Bd3 Bd7 20. a4 Nf6 21. a5 b5
22. axb6 Rxb6 23. Kc2 Rfb8 24. Rb1 Ne8 25. b3 a5 26. Rb2 Qf8 27. Qe2 Nc7 28.
Ra1 Na6 29. Rxa5 Nb4+ 30. Kc1 Bh6 31. Bxh6 Qxh6+ 32. Kb1 Nxd3 33. Qxd3 Rxb3 34.
Rxb3 Rxb3+ 35. Kc2 Rb8 36. Qe2 Qh3 37. Ra6 fxe4 38. Nxe4 (38. fxe4 Bg4 39. Qd2
Qf1 40. Rxd6 Qxc4 $40) 38... Bf5 39. Ra1 Bxe4+ 40. fxe4 {[%csl Rc4][%cal Rb8b1,
Rf8f1] [#] DT-DT: schwache weiße Königs- und Bauernstellung (c4) ==>
Königsangriff} Qd7 41. Qd3 Qb7 42. Qc3 Qf7 43. Qe3 Rb4 44. Kc3 Qb7 45. Ra3 (45.
Qc1 $5 Rb3+ (45... Kg7 $1) 46. Kc2 Rf3 (46... Qb4 47. Ra8+ Kg7 48. Ra7+ $10)
47. Qb1 Rf2+ 48. Kc3 $13 Qf7 (48... Qxb1 49. Rxb1 Rxh2 50. Rb6 Rg2 51. Rxd6
Rxg3+ 52. Kd2 h5 53. Re6 $132 {drohend d6}) 49. Qb8+ Qf8 50. Ra8 $10) 45... Rb1
46. Kd3 Rh1 47. Qd2 Qb1+ 48. Ke3 Rd1 49. Qa2 Re1+ 50. Kf2 Rf1+ 51. Kg2 Rg1+ 52.
Kh3 (52. Kf3 Qd1+ 53. Ke3 (53. Kf2 Qf1+ 54. Ke3 Rg2 $19) 53... Rf1 $19) 52...
Qf1+ 53. Kg4 (53. Kh4 Rg2 $1 (53... Qf6+ 54. Kh3 Qg5 55. Ra8+ Kg7 56. Ra7+ Kh6
57. Qe2 $13) 54. Ra8+ Kg7 55. Qa7+ Kh6 56. h3 Qf6+ 57. Kg4 Qf4#) 53... Qf4+ (
53... Qf4+ 54. Kh3 Qh6+ 55. Kg4 Qh5#) 0-1

[Event "Petrov Memorial op"]
[Site "St Petersburg"]
[Date "1996.??.??"]
[Round "4"]
[White "Savchenko, Stanislav"]
[Black "Fedorov, Alexei"]
[Result "1-0"]
[WhiteElo "2585"]
[BlackElo "2540"]
[Annotator "Knaak,R"]
[PlyCount "65"]
[EventDate "1996.02.??"]
[EventType "swiss"]
[EventRounds "9"]
[EventCountry "RUS"]
[SourceTitle "CBM 052"]
[Source "ChessBase"]
[SourceDate "1996.06.01"]
[SourceVersion "1"]
[SourceVersionDate "1996.06.01"]
[SourceQuality "1"]

1. d4 Nf6 2. c4 g6 3. Nc3 Bg7 4. e4 d6 5. f3 O-O 6. Be3 Nc6 7. Nge2 a6 8. Qd2
Rb8 9. Rb1 b5 {Die Ergebnisse mit anderen Zügen - u.a. 9...Bd7 - sind etwas
besser, aber alles andere als gut.} 10. cxb5 axb5 11. b4 {85% in den 10
Partien der Mega '96} e5 (11... Bd7 12. d5 Ne5 13. Nd4 e6 (13... Re8 14. Be2 c6
(14... Qc8 15. O-O c6 16. dxc6 Bxc6 17. Ncxb5 Qd7 18. a4 d5 19. Bf4 Nh5 20.
Nxc6 Qxc6 21. exd5 {1-0 Haba,P-Santamaria,N/Thessaloniki olm 1988}) 15. dxc6
Bxc6 16. O-O Qd7 17. Rfc1 Nc4 18. Bxc4 bxc4 19. b5 Ba8 20. a4 $16 {Gulko,
B-Gentil,L/USA-op Los Angeles 1991/1-0 (48)}) (13... Nc4 14. Bxc4 bxc4 15. b5
e6 16. O-O exd5 17. exd5 Re8 18. a4 Nh5 19. Rb4 Qe7 20. Bf2 Be5 21. Rxc4 $18 {
1-0 Haba,P-Voller,J/CZE-ch 1994 (29)}) (13... Qe8 14. Be2 e6 (14... c6 15. dxc6
Bxc6 16. O-O $16) 15. O-O Nc4 (15... c6 16. dxc6 Bxc6 17. Rfc1 Bd7 18. Nb3 Qe7
19. Nd4 Qe8 20. g4 h5 21. h3 hxg4 22. hxg4 d5 23. g5 Nh5 24. f4 Nc4 25. Bxc4
dxc4 26. e5 $16 {1-0 Sykora,R-Michalek,J/Karvina op 1989 (49)}) 16. Bxc4 bxc4
17. Rfe1 (17. b5 exd5 {/\Qe5/}) 17... e5 (17... exd5 $6 18. exd5 Qe5 19. Bg5
$18) 18. Nc2 (18. Nde2 Nh5 19. g4 Nf4 (19... Nf6 $32 {Savchenko/}) 20. Nxf4
exf4 21. Bxf4 (21. Bd4 $1) 21... Qe7 $13) 18... Nh5 19. Na3 (19. Qe2 f5 $132)
19... f5 20. exf5 (20. Nxc4 f4 21. Bf2 g5) 20... Bxf5 21. Ne4 Ra8 $2 (21... Nf4
$32 22. Bxf4 (22. Nxc4 Qb5 $14 23. Bxf4 (23. Na3 Qxd5 $1 24. Bxf4 Qa8) 23...
exf4 $132) 22... exf4 23. Nxd6 cxd6 $13) 22. Nxc4 Qb5 23. Na5 $16 {1-0
Savchenko,S-Golubev,M/UKR-chT Alushta 1995 (44)}) 14. Be2 $1 (14. dxe6 fxe6 15.
Ndxb5 Nh5 16. Be2 Qh4+ (16... Bxb5 17. Nxb5 Rxb5 18. Bxb5 Rxf3 $13 {Keene}) 17.
Bf2 Qe7 18. O-O Nf4 19. Be3 Nxe2+ 20. Qxe2 Rb7 21. Nd4 c6 22. a4 Rfb8 23. b5
$14 {0-1 Qi Jingxuan-Keene,R/China 1981 (38)}) 14... exd5 15. exd5 Re8 16. O-O
Qe7 17. Bf2 Nc4 18. Bxc4 bxc4 19. Rfe1 Qf8 20. Rxe8 Qxe8 21. Re1 Qc8 22. b5 $16
{1-0 Gil,Ja-Herraiz,H/ESP-chT 1995 (37)}) (11... e6 12. Ng3 e5 13. d5 Nd4 14.
Bxd4 exd4 15. Nxb5 Nxd5 16. exd5 Qe8+ 17. Kf2 Rxb5 18. Bxb5 Qxb5 19. Rhc1 Qxd5
20. Kg1 c6 21. a4 Bd7 22. b5 $16 {Haba,P-Babula,V/Lazne Bohdanec 1994/1-0 (66)}
) 12. d5 Ne7 $14 13. Ng3 {Verhindert schnelles Nf6-h5 und f7-f5} (13. Nc1 {
Petr Haba (5,5 von 6 mit 9.Rb1) bevorzugt diesen Springerzug; das Pferd wird
Richtung a5 geschickt.} Bd7 14. Nb3 Nh5 15. Na5 (15. Bd3 Nf4 16. O-O Nxd3 17.
Qxd3 f5 18. Na5 f4 19. Ba7 Ra8 20. Bf2 Qe8 21. Rfc1 g5 22. Rb2 Bf6 23. Nb1 Kh8
24. Rxc7 $16 {1-0 Haba,P-Raubal,M/Loosdorf op 1993 (41)}) 15... f5 16. Bd3 Nf6
17. O-O fxe4 18. fxe4 Ng4 19. Bg5 c5 20. dxc6 Qb6+ 21. Kh1 Nxc6 (21... Nf2+ 22.
Rxf2 Rxf2 23. Qe1 Nxc6 24. Be3 $18) 22. Nd5 {1-0 Haba,P-Babula,V/St.Mesto 1992}
) 13... Bd7 14. Be2 c6 15. dxc6 (15. O-O $2 cxd5 16. exd5 Ne8 $15) 15... Bxc6
16. O-O d5 17. Bc5 d4 $6 {Das erleichtert die weiße Spielführung - der d-Bauer
ist gut blockiert.} (17... Re8 18. Rfc1 h5 $1 19. Rc2 h4 20. exd5 Nfxd5 21.
Nge4 Nf5 22. Nxd5 Qxd5 23. Qxd5 Bxd5 24. Nd6 Nxd6 25. Bxd6 Rb7 26. Rd1 $14 {
1-0 Alterman,B-Gavric,M/Pula op 1990 (43)}) 18. Nd1 Ne8 19. Nf2 Nd6 20. Rbc1 h5
21. Bd3 Kh7 22. Nh3 $5 Bh6 23. Ng5+ Kg8 24. f4 $5 h4 $6 (24... Nc4 $5 25. Bxc4
bxc4 26. fxe5 (26. Rxc4 Bb5 $17) 26... c3 (26... Nf5 27. exf5 Bxg5 28. Qc2 Bxc1
29. Rxc1 d3 30. Qd2 $14) 27. Qf4 Bb5 28. Qf6 (28. Rfd1 Nc6) 28... Bg7 $1 29.
Qxe7 (29. Nxf7 Qe8 30. Qxe7 Qxe7 31. Bxe7 Rxf7 $13) 29... Bxf1 30. Rxf1 Qxe7
31. Bxe7 Rfe8 32. Bd6 Ra8 33. Ne2 $14) (24... exf4 $6 25. Qxf4 {[%cal Yf4d6]}
Nb7 26. Nxh5 $1 gxh5 27. Qg3 Bxg5 (27... Ng6 28. Bxf8 $18) 28. Qxg5+ Ng6 29.
Rf6 $1 Nxc5 30. Rxg6+ fxg6 31. Qxg6+ Kh8 32. Rxc5 $18) 25. fxe5 $1 Nc4 (25...
Nd5 26. exd5 Bxg5 27. Rf4 Bxd5 28. Bxd6 hxg3 29. hxg3 $16) 26. Rxc4 bxc4 27.
Bxc4 Bb5 (27... hxg3 28. Nxf7 Rxf7 29. Qxh6 $18) 28. Bxf7+ Rxf7 29. Rxf7 Rb7
30. Nh5 gxh5 31. Rf6 Bg7 32. Ne6 Qe8 33. Nxg7 1-0